| 000 | 00641nam a2200193 a 4500 | ||
|---|---|---|---|
| 001 | 000013778 | ||
| 005 | 20240305094403.0 | ||
| 008 | 091130s2000 dr 001 0 spa d | ||
| 040 |
_aDO-SdBNP _bspa _cBNPHU |
||
| 082 |
_axxxx _bC212p |
||
| 100 | 1 |
_aDuarte Canaán, Pedro J., _d1963- _96300 |
|
| 245 | 1 | 4 |
_aLas pruebas médico-legales / _cPedro J. Duarte Canaán. |
| 260 |
_aSanto Domingo :, _c2000. |
||
| 300 |
_a107 p. ; _c21 cm. |
||
| 500 | _aIncluye datos biográficos del autor (p. 13) | ||
| 500 | _aIncluye referencias bibliográficas y notas al pie de las páginas | ||
| 504 | _aIncluye bibliografía (p. 105 -107) | ||
| 049 | _aBNPD | ||
| 999 |
_c13390 _d13390 |
||